Normal view
MARC view
- الادباء العرب-تراجم - الشعراء العرب -العصر العباسي -ابو الطيب المتنبي
Entry Topical Term
001 - CONTROL NUMBER
- control field: 56950
003 - CONTROL NUMBER IDENTIFIER
- control field: JO-AjAnu
005 - DATE AND TIME OF LATEST TRANSACTION
- control field: 20230606083329.0
008 - FIXED-LENGTH DATA ELEMENTS
- fixed length control field: 230606|| aca||aabn | a|a d
040 ## - CATALOGING SOURCE
- Original cataloging agency: JO-AjAnu
- Transcribing agency: JO-AjAnu
150 ## - HEADING--TOPICAL TERM
- Topical term or geographic name entry element: الادباء العرب-تراجم - الشعراء العرب -العصر العباسي -ابو الطيب المتنبي
670 ## - SOURCE DATA FOUND
- Source citation: Work cat.: (JO-AjAnu)29060: الكركي ، خالد , author 56949, الصائح المحكي : صورة المتنبي في الشعر العربي الحديث : دراسة ومختارات